| 000 | 00439nam a2200109Ia 4500 | ||
|---|---|---|---|
| 008 | 160909s9999 xx 000 0 und d | ||
| 100 | _aChewey, Lorraine Marie | ||
| 245 | _aAre school nurses' beliefs about the influenza vaccine related to non-medical exemption rates of preschool children? | ||
| 260 |
_bTeachers College, Columbia University _c2016 |
||
| 650 | _aNursing | ||
| 856 | _uhttp://pqdtopen.proquest.com/doc/1799599804.html?FMT=ABS | ||
| 999 |
_c303897 _d303897 |
||